মহাস্হপতি / (Record no. 47979)
[ view plain ]
| 000 -LEADER | |
|---|---|
| fixed length control field | 00851nam a2200241 a 4500 |
| 001 - CONTROL NUMBER | |
| control field | 47979 |
| 003 - CONTROL NUMBER IDENTIFIER | |
| rucl marc code | BD-RjUL |
| 005 - DATE AND TIME OF LATEST TRANSACTION | |
| control field | 20211209054433.0 |
| 008 - FIXED-LENGTH DATA ELEMENTS--GENERAL INFORMATION | |
| fixed length control field | 160420s1966 bg ||||| |||| 00| 0 ben d |
| 020 ## - INTERNATIONAL STANDARD BOOK NUMBER | |
| Terms of availability | : Tk.2.00 |
| 035 ## - SYSTEM CONTROL NUMBER | |
| System control number | (BD-RjUL)48098 |
| 040 ## - CATALOGING SOURCE | |
| Original cataloging agency | BD-RjUL |
| Language of cataloging | ben |
| Transcribing agency | BD-RjUL |
| 041 ## - LANGUAGE CODE | |
| Language code of text/sound track or separate title | ben |
| 082 ## - DEWEY DECIMAL CLASSIFICATION NUMBER | |
| Edition number | 23 |
| Classification number | 839.8226 |
| Author mark and year | IBM 1966 |
| 100 1# - MAIN ENTRY--PERSONAL NAME | |
| Personal name | ইবসেন, হেনরিক |
| 9 (RLIN) | 123071 |
| 245 10 - TITLE STATEMENT | |
| Title | মহাস্হপতি / |
| Statement of responsibility, etc. | আব্দুল হক (অনূদিত) |
| 260 ## - PUBLICATION, DISTRIBUTION, ETC. (IMPRINT) | |
| Place of publication, distribution, etc. | ঢাকা : |
| Name of publisher, distributor, etc. | বাঙলা একডেমী, |
| Date of publication, distribution, etc. | ১৯৬৬ |
| 300 ## - PHYSICAL DESCRIPTION | |
| Pagination | [খ], ১২২, [খ], পৃ. ; |
| Size | ২১ সেমি. |
| 650 ## - SUBJECT ADDED ENTRY--TOPICAL TERM | |
| Topical term or geographic name as entry element | নাটক |
| Geographic subdivision | নরওয়েজিয়ান |
| 9 (RLIN) | 123072 |
| Topical term or geographic name as entry element | Plays |
| Geographic subdivision | Norwegian |
| 9 (RLIN) | 123073 |
| 700 ## - ADDED ENTRY--PERSONAL NAME | |
| Personal name | হক, আব্দুল (অনূদিত) |
| 942 ## - ADDED ENTRY ELEMENTS (KOHA) | |
| Source of classification or shelving scheme | Dewey Decimal Classification |
| Koha item type | Books |
| Lost status | Source of classification or shelving scheme | Damaged status | Not for loan | Collection code | Permanent Location | Current Location | Shelving location | Date acquired | Source of acquisition | Cost, normal purchase price | Total Checkouts | Full call number | Date last seen | Copy number | Koha item type | Date checked out |
|---|---|---|---|---|---|---|---|---|---|---|---|---|---|---|---|---|
| Dewey Decimal Classification | Non-fiction | Central Library, University of Rajshahi | Central Library, University of Rajshahi | 11/07/1967 | Nawroge Kitabstan | 2.00 | B 839.8226 IBM 1966 | 11/08/2016 | C-2 | Books | ||||||
| Dewey Decimal Classification | Non-fiction | Central Library, University of Rajshahi | Central Library, University of Rajshahi | 11/07/1967 | Nawroge Kitabstan | 2.00 | B 839.8226 IBM 1966 | 11/08/2016 | C-3 | Books | ||||||
| Dewey Decimal Classification | Non-fiction | Central Library, University of Rajshahi | Central Library, University of Rajshahi | 11/07/1967 | Nawroge Kitabstan | 2.00 | B 839.8226 IBM 1966 | 11/08/2016 | C-4 | Books | ||||||
| Dewey Decimal Classification | Non-fiction | Central Library, University of Rajshahi | Central Library, University of Rajshahi | 11/07/1967 | Nawroge Kitabstan | 2.00 | 1 | B 839.8226 IBM 1966 | 31/05/2021 | C-5 | Books | 04/04/2021 |